|
|
|
|
| LEADER |
00728nam a22001932a 4500 |
| 001 |
000216141 |
| 003 |
CZ BrMZK |
| 005 |
20150421081212.0 |
| 007 |
ta |
| 008 |
950101s1808 hu f lat d |
| 040 |
|
|
|a BOA001
|b cze
|
| 100 |
1 |
|
|a Lipský, Ján,
|d 1766-1826
|7 ola2007364599
|4 aut
|
| 245 |
1 |
0 |
|a Repertorium locorum objectorumque in 12. tabulis mappae regnorum Hungariae, Slavoniae, Croatiae, et confiniorum militarium ... Transylvaniae occurrentium, guas aeri incisas vulgavit ...
|
| 260 |
|
|
|a Budæ :
|b Regiæ Universitatis Pestanæ,
|c 1808
|
| 300 |
|
|
|a 766, 164 s.
|
| 910 |
|
|
|a BOA001
|b 2-0308.813
|
| 990 |
|
|
|a BK
|
| 993 |
|
|
|a Y
|
| 996 |
6 |
|
|b 2619917745
|c 2-0308.813
|l MZK
|r Sklad / do 24 hodin
|n 0
|w 000216141
|u 000010
|a 1
|e BOA001
|j MZK50
|s P
|